00369nam a22000737a 4500100005000000245017900050260005500229300001100284 aPerera, Kulathunga mualige kalani Gayanthika  aVariation Extraction Kinetics of total phenoles, flavonoid and the antioxidant activity during brewing of green tea white tea (camelia sinensis) with Geographical Elevations/ aRajagiriya.bInstitute of chemical Science,c2017. ax,58p;